Apuntes sobre las creencias irracionales y la violencia contra la mujer (Registro nro. 2036)

Detalles MARC
000 -LEADER
fixed length control field 02391nam a22002057a 4500
003 - CONTROL NUMBER IDENTIFIER
control field OSt
005 - DATE AND TIME OF LATEST TRANSACTION
control field 20260401101029.0
008 - FIXED-LENGTH DATA ELEMENTS--GENERAL INFORMATION
fixed length control field 260401b |||||||| |||| 00| 0 SPA d
082 ## - DEWEY DECIMAL CLASSIFICATION NUMBER
Edition number 978-9942-615-08-4.
100 ## - MAIN ENTRY--PERSONAL NAME
Personal name Gina Alexandra Pilco Guadalupe.
245 ## - TITLE STATEMENT
Title Apuntes sobre las creencias irracionales y la violencia contra la mujer
250 ## - EDITION STATEMENT
Edition statement 1mer EDICION
260 ## - PUBLICATION, DISTRIBUTION, ETC.
Place of publication, distribution, etc. (Universidad Nacional de Chimborazo), Ecuador
Name of publisher, distributor, etc. Editorial UNACH
Date of publication, distribution, etc. 2022
300 ## - PHYSICAL DESCRIPTION
Extent 113 páginas
Dimensions 14.8 x 21 cm
Type of unit volumen físico
490 ## - SERIES STATEMENT
Materials specified Rústica (tapa blanda) con solapas
520 ## - SUMMARY, ETC.
Summary, etc. Teniendo en cuenta que las ideas irracionales tienden a influir en la toma de decisiones de los individuos e inciden en el comportamiento de quienes están alrededor, se ha tomado como elemento de estudio importante cómo se ve reflejado este tipo de ideas en la violencia ejercida contra las mujeres en el entorno familiar y las consecuencias que de ello se deriva.<br/><br/>Para este caso es necesario aclarar que la base de estas creencias está en la incapacidad de la persona para identificar y modificar este pensamiento. Sobre este tema, Krug et al. (2003) señaló que el basamento más sólido sobre el que se trabajan estas creencias es el de las 10 creencias irracionales identificadas como base de las creencias irracionales y a partir de una alteración emocional.<br/><br/>Para este estudio fue utilizada la clasificación del Código Orgánico Integral Penal (COIP) reformado en el año 2014 en Ecuador, con garantía en la Constitución ecuatoriana, que determina la violencia como física, psicológica y sexual. Consta de 28 ítems donde se identifica que la idea irracional predominante se refiere a que la necesidad de algo y/o alguien más grande o fuerte en quien se pueda confiar y apoyarse, además de la relación que existe con la violencia doméstica.<br/><br/>Durante el desarrollo de este libro se encontrarán referencias científicas que acercarán al lector a la situación más actualizada hasta el momento de la relación, violencia y creencias irracionales y la forma en que estas se manifiestan y afectan tanto las relaciones personales como las familiares.
650 ## - SUBJECT ADDED ENTRY--TOPICAL TERM
Topical term or geographic name entry element Violencia contra la mujer. Creencias irracionales. Psicología aplicada
General subdivision Aspectos psicológicos. Investigación. Prevención y control
Chronological subdivision Siglo XXI
Geographic subdivision Ecuador
700 ## - ADDED ENTRY--PERSONAL NAME
Personal name Gina Alexandra Pilco Guadalupe.
942 ## - ADDED ENTRY ELEMENTS (KOHA)
Source of classification or shelving scheme Dewey Decimal Classification
Koha item type Acceso Libre
Suppress in OPAC No
Existencias
Withdrawn status Lost status Source of classification or shelving scheme Damaged status Not for loan Collection Home library Current library Shelving location Date acquired Source of acquisition Coded location qualifier Inventory number Total checkouts Full call number Barcode Date last seen Copy number Price effective from Koha item type
    Dewey Decimal Classification     Estantería F Fila 2 Biblioteca Stanford Biblioteca Stanford Biblioteca Abierta 01.04.2026 LECTURA 0460 0460   0460 BIBLIO0460 01.04.2026 1 01.04.2026 Acceso Libre
Bienvenido a nuestra Biblioteca